000 00302nam a22001337a 4500
008 170926b xxu||||| |||| 00| 0 eng d
020 _a9780807739761
041 _aeng
080 _a37
100 _a46
101 _aEDU
245 _aBEGINING READING AND WRITING
_cSTRICKLAND, D.S
942 _2udc
_cBK
999 _c29879
_d29879